Study on inspection of the putative hybrids between track-lacking wild male gaur (Bos gaurus) and domestic female cow (bos taurus) in Phuoc Binh national park VietNam /
Kaydedildi:
| Yazar: | |
|---|---|
| Diğer Yazarlar: | , , , , |
| Materyal Türü: | Makale |
| Dil: | Vietnamese |
| Konular: | |
| Etiketler: |
Etiketle
Etiket eklenmemiş, İlk siz ekleyin!
|
| Thư viện lưu trữ: | Thư viện Trường Đại học Đà Lạt |
|---|
| LEADER | 01073nam a2200337 4500 | ||
|---|---|---|---|
| 001 | DLU210195636 | ||
| 005 | ##20210119 | ||
| 040 | # | # | |a DLU |b vie |
| 041 | # | # | |a vie |
| 044 | # | # | |a vn |
| 100 | # | # | |a Le Hoang Duc. |
| 245 | # | # | |a Study on inspection of the putative hybrids between track-lacking wild male gaur (Bos gaurus) and domestic female cow (bos taurus) in Phuoc Binh national park VietNam / |c Le Hoang Duc, ... [et al.]. |
| 653 | # | # | |a Interspecific hybrids |
| 653 | # | # | |a Maternal lineage |
| 653 | # | # | |a Molecular makers |
| 653 | # | # | |a Paternal lineage |
| 700 | # | # | |a Chu Hoang Ha. |
| 700 | # | # | |a Le Van Son. |
| 700 | # | # | |a Le Xuan Tham. |
| 700 | # | # | |a Nguyen Trung Nam. |
| 700 | # | # | |a Pham Thanh Tung. |
| 773 | # | # | |t Tạp chí Công nghệ Sinh học |g Số 15(4), 2017, tr. 633-640 |
| 920 | # | # | |a Phòng Tạp chí -- Trung tâm Thông tin - Thư viện Trường Đại học Đà Lạt |
| 994 | # | # | |a DLU |
| 900 | # | # | |a True |
| 911 | # | # | |a Hoàng Thị Huyền |
| 925 | # | # | |a G |
| 926 | # | # | |a A |
| 927 | # | # | |a BB |
| 980 | # | # | |a Thư viện Trường Đại học Đà Lạt |